Los valores del adolescente costarricense

Պահպանված է:
Մատենագիտական մանրամասներ
Հիմնական հեղինակ: Rojas Chávez, Carlos
Համատեղ հեղինակ: Patronato Nacional de la Infancia. División de Planificación. Departamento de Investigación
Ձևաչափ: Տեքստ
Հրապարակվել է: San José: PANI
Ցուցիչներ: Ավելացրեք ցուցիչ
Չկան պիտակներ, Եղեք առաջինը, ով նշում է այս գրառումը!

MARC

LEADER 00000 a a2200000 04500
001 20985
003
040
090 |a 090200  
100 |a Rojas Chávez, Carlos  
110 |a Patronato Nacional de la Infancia. División de Planificación. Departamento de Investigación  
245 |a Los valores del adolescente costarricense  
260 |a San José:   |b PANI  
300 |a 120 p.  
999 |c 12054  |d 12054